01015nam a2200229 a 450000100100000000500170001000800410002702000240006802000290009204000250012108200150014624502320016126000420039330000200043549000110045570000510046670000680051770000520058583000180063795201130065599900170076800002052120200930011125.0100322s1993 sp 000 0 spa d a848871601X (ANABAD) a8476351372 (ARCO/LIBROS) aDO-SdBNPbspacBNPHU axxxxbxxxx00aISBD (M) :bdescripción bibliográfica internacional normalizada para publicaciones monográficas /ctraducción y ejemplos Pilar Benedito Castellote, María Dolores del Castillo Cuervo-Arango, Amelia López Rodríguez. aMadrid :bAnadadbArco/libros,c1993. a99 p. ;c25 cm.0 aNormas1 aBenedito Castellote, Pilaretrad. y ej.9432381 aCastillo Cuervo-Arango, María Dolores deletrad. y ej.9432391 aLópez Rodríguez, Ameliaetrad. y ej.943240 0aNormas943241 001050718MOaGRbGRcCTd2017-10-11iLF1l0oxxxx xxxxp20521-10r2020-06-25w2020-06-25y1ZNo se presta c20025d20025